Airtightness in UK dwellings. (Record no. 100362)

MARC details
000 -LEADER
fixed length control field 00527cam a2200205 4500
008 - FIXED-LENGTH DATA ELEMENTS--GENERAL INFORMATION
fixed length control field 000000n2000 000 0 eng u
020 ## - INTERNATIONAL STANDARD BOOK NUMBER
International Standard Book Number 1860813550
035 ## - SYSTEM CONTROL NUMBER
System control number (Sirsi) u105329
050 ## - LIBRARY OF CONGRESS CALL NUMBER
Classification number 697.92
100 ## - MAIN ENTRY--PERSONAL NAME
Personal name Stephen, Roger
110 ## - MAIN ENTRY--CORPORATE NAME
Corporate name or jurisdiction name as entry element Building Research Establishment
245 ## - TITLE STATEMENT
Title Airtightness in UK dwellings.
260 ## - PUBLICATION, DISTRIBUTION, ETC.
Place of publication, distribution, etc. London
Name of publisher, distributor, etc. CRC
Date of publication, distribution, etc. 2000
300 ## - PHYSICAL DESCRIPTION
Extent 8p. ; 30cm.
490 ## - SERIES STATEMENT
Series statement Information Paper
Volume/sequential designation 1/00
650 ## - SUBJECT ADDED ENTRY--TOPICAL TERM
Topical term or geographic name entry element AIR LEAKAGE
650 ## - SUBJECT ADDED ENTRY--TOPICAL TERM
Topical term or geographic name entry element VENTILATION
690 ## - LOCAL SUBJECT ADDED ENTRY--TOPICAL TERM (OCLC, RLIN)
Topical term or geographic name as entry element BUILT ENVIRONMENT
942 ## - ADDED ENTRY ELEMENTS (KOHA)
Suppress in OPAC 0
Holdings
Withdrawn status Lost status Source of classification or shelving scheme Damaged status Not for loan Home library Current library Shelving location Date acquired Total Checkouts Full call number Barcode Date last seen Copy number Price effective from Koha item type
    Dewey Decimal Classification     London London Basement 12/04/2000   SHELF 323 30060856 06/08/2019 1 06/08/2019 Book